[Event "XXIV San Miguel 2018"]
[Site "Trevias"]
[Date "2018.09.22"]
[Round "6"]
[White "Cuevas Fernandez, Jose Alberto"]
[Black "Alvarez Fernandez, Enrique"]
[Result "0-1"]
[WhiteElo "2173"]
[BlackElo "2303"]
[Annotator "TA"]
[PlyCount "49"]
[EventDate "2018.09.17"]
[EventType "swiss"]
[EventCountry "ESP"]
[SourceTitle "playchess.com"]
[Source "ChessBase"]
[SourceQuality "1"]

{[%evp 9,49,-6,-3,-63,0,0,-8,-50,-56,-57,-46,-72,0,-29,-32,-111,-101,-135,-140,-149,-156,-171,-180,-172,-63,-70,-60,-72,-67,-97,-100,-98,-87,-190,-76,-135,-152,-231,-110,-727,-726,-715]} 1. c4 e5 2. Nc3 Bb4 3. Qc2 Nf6 4. Nf3 Qe7 5. a3 (5. g3 e4 6. Nd4 O-O 7. Bg2 Qc5 8. a3 Qxd4 9. axb4 Qxc4 10. b3 Qe6 11. Nxe4 Nc6 12. Nxf6+ Qxf6 {½-½ (60) Oparin,G (2609)-Inarkiev,E (2690) Satka 2018}) 5... Bxc3 $1 6. bxc3 $146 {A21: English Opening: 1...e5 2 Nc3} (6. Qxc3 $11 d6 7. d3) ({Predecessor:} 6. Qxc3 e4 7. Nd4 d5 8. cxd5 O-O 9. b4 Nxd5 10. Qb3 Rd8 11. Bb2 c5 12. bxc5 Na6 {0-1 (41) Thuesen,M (2229)-Hector,J (2509) Copenhagen 2013}) 6... d6 (6... e4 $1 $15 7. Nd4 d6) 7. e4 $11 O-O 8. h3 {The position is equal.} Nh5 9. g4 Nf4 10. d3 c6 (10... Ng6 $17) 11. Nd4 d5 12. Nf5 (12. cxd5 $15 cxd5 13. Bxf4) 12... Bxf5 $17 13. gxf5 dxe4 14. dxe4 Nd7 15. Rg1 Nc5 16. Rg4 g5 (16... h5 $19 17. Rg3 b6) 17. h4 {[#] Strongly threatening f6.} h6 18. Be3 f6 19. Rd1 Rad8 20. Rxd8 Rxd8 21. Be2 (21. Rg1 $17) 21... Kf7 (21... Ncd3+ $19 {has better winning chances.} 22. Bxd3 Nxd3+ 23. Ke2 Nf4+ 24. Bxf4 exf4) 22. Qb1 (22. Rg1 $142) 22... b6 23. Kf1 {[#]} (23. Rg1 $17) 23... Qd6 (23... Qd7 $1 $19 {is more deadly. ...Nxe4! is the strong threat.} 24. Bxf4 exf4) 24. Rg3 $2 {[%mdl 8192]} (24. Rg1 $17) 24... Nxe2 $19 25. Kxe2 {Precision: White = 22%, Black = 39%.} 0-1

[Event "XXIV San Miguel 2018"]
[Site "Trevias"]
[Date "2018.09.22"]
[Round "6"]
[White "Blazquez Lopez, Berna"]
[Black "Aguera Naredo, Javier"]
[Result "1/2-1/2"]
[WhiteElo "2134"]
[BlackElo "2369"]
[Annotator "TA"]
[PlyCount "81"]
[EventDate "2018.09.17"]
[EventType "swiss"]
[EventCountry "ESP"]
[SourceTitle "playchess.com"]
[Source "ChessBase"]
[SourceQuality "1"]

{[%evp 28,81,45,66,69,39,76,40,115,118,224,76,139,0,67,62,50,18,47,36,87,77,114,132,131,114,118,122,117,126,173,145,194,195,231,198,452,267,267,233,335,333,319,278,268,271,444,10,16,10,31,21,24,27,33,0]} 1. d4 Nf6 2. Nf3 g6 3. c4 Bg7 4. Nc3 O-O 5. e4 d6 6. Be2 e5 7. Be3 exd4 8. Nxd4 Re8 9. f3 c6 10. Bf2 d5 11. exd5 cxd5 12. O-O Nc6 13. c5 Bf8 {E92: King's Indian: Classical: 6 Be2 e5: 7 dxe5, 7 Be3 and Petrosian System without 7...Nbd7} (13... a6 14. Qd2 Qa5 15. Rfe1 Qxc5 16. Ne6 Qa5 17. Nxg7 Kxg7 18. a3 d4 19. Bxd4 Nxd4 20. Qxd4 Rd8 21. Qe3 {½-½ (60) Bluebaum,M (2631)-Carlsen,M (2843) Karlsruhe/Baden-Baden 2018}) 14. Kh1 Nh5 15. Qd2 {LiveBook: 4 Games} Be6 16. a3 Rc8 $146 ({Predecessor:} 16... Qf6 17. Nxe6 fxe6 18. g3 Ng7 19. f4 Nf5 20. Rad1 Bg7 21. Bf3 a6 22. Bg2 Rad8 23. Rfe1 Kh8 {½-½ (23) Kotlyar,K (2330)-Nakar,E (2479) Pardubice 2015}) 17. b4 Be7 (17... Nxd4 $14 18. Bxd4 Qh4) 18. f4 Nf6 {[#]} (18... Ng7 $16) 19. Bf3 (19. f5 $1 $18 {[%cal Rf5e6] is the precise move to win.} gxf5 20. Qg5+ Kh8 21. Nxf5) 19... Qd7 (19... Ne4 $142 20. Bxe4 (20. Nxe4 dxe4 21. Bxe4 a5 $16) 20... Nxd4) 20. h3 (20. Nxe6 $16 fxe6 21. Rfe1) 20... Ne4 (20... Bxh3 $11 21. gxh3 Qxh3+ 22. Kg1 Ng4 23. Bxg4 Qxg4+ 24. Kh2 Bf6) 21. Nxe4 $14 dxe4 22. Bxe4 {With the idea Rad1.} Bf6 {[%cal Rc6d4]} 23. Rad1 {Hoping for Nxc6.} Rcd8 {[#]} (23... Nxd4 $14 24. Bxd4 Rcd8 25. Bxf6 Qxd2 26. Rxd2 (26. Bxd8 Qa2 $11) 26... Rxd2) 24. Nf3 $1 $16 Qc7 25. Qc1 a6 26. Rfe1 Rxd1 27. Rxd1 Bb3 28. Re1 Rd8 29. f5 Ne7 30. fxg6 fxg6 31. Bg1 Nd5 $2 (31... Bd5 32. Bh2 Qd7 33. Bxd5+ Nxd5) 32. Bh2 (32. Nd4 $142) 32... Qg7 $18 33. Qb1 Bc4 (33... Ba4 {was called for.} 34. Qa2 Bc6) 34. Qc2 Nc3 35. c6 bxc6 36. Bxc6 Rc8 $2 (36... Bd3 {keeps fighting.} 37. Qc1 Bb5) 37. Re8+ $2 (37. Ne5 $18) 37... Rxe8 $11 38. Bxe8 Qe7 39. Bc6 Qe6 40. Bb7 Qe7 41. Bc6 {Precision: White = 53%, Black = 12%.} 1/2-1/2

[Event "XXIV San Miguel 2018"]
[Site "Trevias"]
[Date "2018.09.22"]
[Round "6"]
[White "Suarez Fernandez, Pablo"]
[Black "Garcia Gonzalez, Fernando"]
[Result "1-0"]
[WhiteElo "2084"]
[BlackElo "2027"]
[Annotator "NA RC"]
[PlyCount "63"]
[EventDate "2018.09.17"]
[EventType "swiss"]
[EventCountry "ESP"]
[SourceTitle "playchess.com"]
[Source "ChessBase"]
[SourceQuality "1"]
[TimeControl "5400+30"]

{[%evp 8,63,-11,-10,-3,-10,19,27,33,26,32767,14,44,29,39,33,81,72,75,77,87,80,72,77,82,63,101,97,100,56,58,37,25,25,215,229,217,232,233,233,327,32767,32767,32767,32767,545,557,564,933,355,381,371,586,636,825,930,1945,5206]} 1. e4 {[%emt 0:00:00]} d5 {[%emt 0:00:00]} 2. Nc3 {[%emt 0:00:00]} d4 3. Nce2 {[%emt 0:02:23]} c5 {[%emt 0:01:43]} 4. Ng3 {[%emt 0:00:09]} Nc6 {[%emt 0:00:30] LiveBook: 39 Games} 5. Bc4 {[%emt 0:00:46]} Nf6 {[%emt 0:03:45] A00: Irregular Openings} (5... a6 6. d3 e6 7. a4 Bd6 8. f4 e5 9. f5 Nf6 10. Nh5 g6 11. Ng7+ Ke7 12. Nh3 Rg8 13. Bh6 gxf5 {0-1 (48) Andreikin,D (2720)-Svidler,P (2727) Berlin 2015}) 6. d3 {[%emt 0:00:21]} h5 {[%emt 0:01:21]} 7. h3 {[%emt 0:05:32]} h4 {[%emt 0:06:13]} 8. N3e2 {[%emt 0:01:21]} b5 {[%emt 0:11:16]} 9. Bb3 $1 {[%emt 0:02:22]} Bb7 $146 {[%emt 0:10:14]} ({Predecessor:} 9... c4 10. dxc4 bxc4 11. Bxc4 Nxe4 12. Nf3 Qa5+ 13. c3 dxc3 {½-½ (57) Bakalar,J (2128)-Foltyn,L (2027) Frydek Mistek 2010}) 10. Nf3 {[%emt 0:03:08]} e6 {[%emt 0:03:38]} 11. Bg5 {[%emt 0:04:49]} Qc7 {[%emt 0:01:48]} 12. a4 {[%emt 0:13:38]} a6 {[%emt 0:02:18]} 13. axb5 {[%emt 0:03:09]} axb5 {[%emt 0:01:57]} 14. Rxa8+ {[%emt 0:00:06]} Bxa8 {[%emt 0:01:42]} 15. O-O {[%emt 0:13:15]} ({Inferior is} 15. Nxh4 {[#]} c4 $1 $17 {[%mdl 512]}) 15... Bd6 {[%emt 0:06:38]} 16. Qd2 {[%emt 0:13:45]} Nh5 {[%emt 0:07:08]} 17. Ra1 {[%emt 0:03:15]} Bb7 {[%emt 0:01:57]} 18. Bxh4 {[%emt 0:08:56]} Nf4 {[%emt 0:05:33]} 19. Nxf4 {[%emt 0:00:40]} Bxf4 {[%emt 0:12:26]} 20. Qe1 {[%emt 0:01:10]} g5 $2 {[%emt 0:07:23]} (20... Ne5 $11 21. Nxe5 Bxe5) 21. Bxg5 {[%emt 0:04:17]} Bxg5 {[%emt 0:07:35]} 22. Nxg5 {[%emt 0:00:22]} Qf4 {[%emt 0:06:20]} 23. Qc1 {[%emt 0:02:10]} Qf6 {[%emt 0:00:11]} (23... Qxc1+ {keeps fighting.} 24. Rxc1 Ke7) 24. f4 {[%emt 0:03:38]} c4 {[%emt 0:01:59]} 25. dxc4 {[%emt 0:05:32]} d3 {[%emt 0:02:29]} 26. cxd3 {[%emt 0:07:52]} Qd4+ {[%emt 0:01:02]} 27. Kh1 {[%emt 0:00:53]} Qxd3 {[%emt 0:00:35]} 28. Qc3 $2 {[%emt 0:00:44]} (28. cxb5 Nd8 29. Ba4) 28... Qxc3 {[%emt 0:04:45]} 29. bxc3 {[%emt 0:01:14]} b4 {[%emt 0:03:28]} (29... bxc4 $142 30. Bxc4 Ke7) 30. cxb4 {[%emt 0:01:24]} Nd4 {[%emt 0:01:29]} 31. Ra7 {[%emt 0:01:31]} Bc8 {[%emt 0:00:46]} 32. Ba4+ $18 {[%emt 0:00:58]} 1-0

[Event "XXIV San Miguel 2018"]
[Site "Trevias"]
[Date "2018.09.22"]
[Round "6"]
[White "Vergara Anton, Diego"]
[Black "Perez Nunez, Saul"]
[Result "1/2-1/2"]
[WhiteElo "2063"]
[BlackElo "2182"]
[Annotator "ChessBase"]
[PlyCount "31"]
[EventDate "2018.09.17"]
[EventType "swiss"]
[EventCountry "ESP"]
[SourceTitle "playchess.com"]
[Source "ChessBase"]
[SourceQuality "1"]
[TimeControl "5400+30"]

1. d4 {[%emt 0:00:02]} d5 {[%emt 0:00:00]} 2. Nf3 {[%emt 0:00:12]} e6 {[%emt 0:00:00]} 3. c4 {[%emt 0:00:13]} Nf6 {[%emt 0:00:39]} 4. g3 {[%emt 0:01:01]} Be7 {[%emt 0:00:10]} 5. Bg2 {[%emt 0:00:05]} O-O 6. O-O {[%emt 0:00:09]} dxc4 {[%emt 0:00:10]} 7. Qc2 {[%emt 0:00:43]} a6 {[%emt 0:00:08]} 8. Qxc4 {[%emt 0:01:13]} b5 9. Qc2 {[%emt 0:01:38]} Bb7 {[%emt 0:00:16]} 10. Nc3 Nbd7 {[%emt 0:00:30]} 11. Rd1 b4 {[%emt 0:00:30]} 12. Na4 Be4 {[%emt 0:00:30]} 13. Qb3 Bd5 {[%emt 0:00:30]} 14. Qc2 Be4 {[%emt 0:00:30]} 15. Qb3 Bd5 {[%emt 0:00:30]} 16. Qc2 1/2-1/2

[Event "XXIV San Miguel 2018"]
[Site "Trevias"]
[Date "2018.09.22"]
[Round "6"]
[White "Estrada Martinez, Cesar"]
[Black "Gonzalez Guedes, Iyan"]
[Result "0-1"]
[WhiteElo "2010"]
[BlackElo "1927"]
[Annotator "NA RC"]
[PlyCount "128"]
[EventDate "2018.09.17"]
[EventType "swiss"]
[EventCountry "ESP"]
[SourceTitle "playchess.com"]
[Source "ChessBase"]
[SourceQuality "1"]
[TimeControl "5400+30"]

1. c4 e5 2. Nc3 Nc6 3. Nf3 Nf6 4. g3 Bc5 5. d3 d5 6. cxd5 Nxd5 7. Bg2 O-O 8. O-O h6 9. Bd2 {A29: English Opening: Four Knights Variation with 4 g3} Be6 10. Rc1 Be7 11. Ne4 f5 12. Nc5 Bxc5 $1 13. Rxc5 Qd6 14. Rc1 e4 $146 ({Predecessor:} 14... Rad8 15. a3 a5 16. Qc2 Rfe8 {1-0 (42) Lehner,O (2416)-Matt,F (2053) Oberwart 2010}) 15. Ne1 Qe5 16. Bc3 Nxc3 17. bxc3 Rad8 18. Qc2 Bd5 19. Qa4 a6 20. d4 (20. dxe4 $11 fxe4 21. Nc2) 20... Qf6 21. Nc2 b5 22. Qa3 a5 23. Ne3 Bf7 24. Qc5 b4 25. d5 Ne7 26. c4 Qd6 27. Qxd6 cxd6 28. Nc2 Rc8 29. Nd4 Rc5 30. Nb5 Nxd5 31. Nxd6 Nc3 32. Rfe1 Bxc4 33. Nxc4 Rxc4 34. Rc2 a4 35. e3 b3 36. axb3 axb3 37. Rb2 Rb8 38. Bf1 Rc5 39. Ra1 Nd5 40. Ra3 Rc3 41. Ra5 Rc2 42. Rb1 b2 43. Rxd5 Rc1 44. Rd1 Rxd1 45. Rxd1 b1=Q 46. Rxb1 Rxb1 47. Kg2 Rb2 48. Bc4+ Kf8 49. h4 Ke7 50. h5 Kf6 51. Bd5 Rd2 52. Bc6 Rd8 53. g4 Rd6 54. Bb7 fxg4 55. Bxe4 Kg5 56. Kg3 Rf6 57. Bg6 Rf3+ 58. Kg2 Rh3 59. Be8 Rxh5 60. Bxh5 Kxh5 61. Kg3 Kg5 62. e4 h5 63. f4+ gxf3 64. Kxf3 Kf6 0-1

[Event "XXIV San Miguel 2018"]
[Site "Trevias"]
[Date "2018.09.23"]
[Round "7"]
[White "Aguera Naredo, Javier"]
[Black "Suarez Fernandez, Pablo"]
[Result "1-0"]
[WhiteElo "2369"]
[BlackElo "2084"]
[Annotator "TA"]
[PlyCount "91"]
[EventDate "2018.09.17"]
[EventType "swiss"]
[EventCountry "ESP"]
[SourceTitle "playchess.com"]
[Source "ChessBase"]
[SourceQuality "1"]

{[%evp 16,91,67,67,94,79,95,104,94,76,77,76,69,78,59,47,97,0,0,0,28,0,45,51,35,41,37,42,292,290,283,283,290,290,290,290,290,275,282,156,278,257,285,236,310,312,359,363,397,392,482,470,473,455,473,464,478,472,789,791,752,766,866,815,1080,1247,1602,1532,5689,3215,29982,29983,29982,29983,5409,2275,5501,1914]} 1. e4 c6 2. d4 d5 3. Nd2 dxe4 4. Nxe4 Nf6 5. Nxf6+ gxf6 6. Nf3 Bg4 7. Be2 e6 8. O-O Bd6 9. c4 {[%cal Bc2c4,Bc4c5][%mdl 32] LiveBook: 4 Games. B16: Caro-Kann: Bronstein-Larsen Variation} Qc7 10. c5 Bf4 11. Bxf4 {White is better.} Qxf4 12. Nd2 {[%cal Bf3d2,Bd2c4,Bc4d6][%mdl 32]} Rg8 13. Nc4 Bxe2 $146 ({Predecessor:} 13... Kf8 14. Bxg4 Qxg4 15. Qxg4 Rxg4 16. f4 Na6 {1-0 (59) Dmitrenko,V (2332)-Jablonicky,F (2164) Ceske Budejovice 2015}) 14. Qxe2 Qg4 {[%csl Gg8][%cal Rg4g2]} 15. Nd6+ Ke7 {[%csl Gg8][%cal Rg4g2]} 16. f3 (16. Qxg4 $16 Rxg4 17. Rfd1 (17. Nxb7 Rxd4 18. a3 a5 $11)) 16... Qxd4+ $11 17. Kh1 {aiming for Nf5+.} Qxc5 18. Rad1 {Threatens to win with Qd3.} Nd7 19. Qd2 Qg5 {Strongly threatening ...Qxd2.} 20. f4 $36 {[%mdl 2048] Black is under pressure.} Qd5 {With the idea ...Qxd2.} 21. Qc2 Qc5 $2 ({Black should play} 21... Kxd6 $1 $14 22. Qxh7 Rgf8) 22. Qxh7 $18 Raf8 {[#]} 23. Nxf7 $1 {[%mdl 512] Intending Nh8+ and mate.} Qf5 (23... Rxf7 24. Rxd7+) 24. Qxf5 exf5 25. Nh6 Rh8 26. Nxf5+ Kd8 27. Nd6 (27. g3 $18) 27... b6 (27... Kc7 $16 {keeps fighting.} 28. Nxb7 Rb8) 28. Rfe1 Rh7 29. g3 Kc7 30. Nf5 a5 31. Kg2 Nc5 32. h4 Rd8 33. Rxd8 Kxd8 {[%mdl 4096] Endgame KRN-KRN} 34. Rd1+ Kc7 35. Kf3 a4 36. g4 b5 (36... Rf7 $142 37. h5 Ne6) 37. g5 fxg5 38. fxg5 Rf7 39. Kf4 Ne6+ 40. Ke5 Nf8 41. h5 Nd7+ 42. Ke6 Rh7 {[#]} 43. Rxd7+ $1 {[%mdl 512]} Rxd7 44. h6 Rd2 45. h7 (45. g6 $142 Rg2 46. g7 Rg6+ 47. Ke7) 45... Rh2 46. Nh6 {Precision: White = 67%, Black = 34%.} (46. g6 $142 Re2+ 47. Kf6) 1-0

[Event "XXIV San Miguel 2018"]
[Site "Trevias"]
[Date "2018.09.23"]
[Round "7"]
[White "Perez Nunez, Saul"]
[Black "Alvarez Fernandez, Enrique"]
[Result "1/2-1/2"]
[WhiteElo "2182"]
[BlackElo "2303"]
[Annotator "TA"]
[PlyCount "46"]
[EventDate "2018.09.17"]
[EventType "swiss"]
[EventCountry "ESP"]
[SourceTitle "playchess.com"]
[Source "ChessBase"]
[SourceQuality "1"]

{[%evp 29,46,55,50,45,54,57,56,57,58,58,54,42,61,0,-10,-39,0,0,0]} 1. e4 c5 2. Nf3 d6 3. d4 cxd4 4. Nxd4 Nf6 5. Nc3 a6 6. Be3 e5 7. Nb3 Be6 8. f3 Nbd7 9. Qd2 Rc8 10. g4 {[%cal Bg2g4,Bg4g5][%mdl 32]} Be7 11. O-O-O {B90: Sicilian Najdorf: Unusual White 6th moves, 6 Be3 Ng4 and 6 Be3 e5} b5 12. g5 Nh5 13. Nd5 Bxd5 14. exd5 Nb6 15. Na5 Nxd5 {LiveBook: 25 Games} 16. Qxd5 {[#] Threatens to win with Bh3.} Qxa5 17. Bh3 $1 {[%cal Rh3c8]} (17. Kb1 O-O 18. c4 Nf4 19. Bxf4 exf4 20. h4 {½-½ (47) Kryvoruchko,Y (2693)-Van Wely,L (2674) Monzon 2016}) 17... Rc4 18. Qa8+ Qd8 19. Qxa6 O-O {[%cal Bh8f8,Bf8b8,Bb8b2][%mdl 32]} 20. Kb1 $146 Qc7 21. Qxb5 (21. Bf1 $1 $14) 21... Rb8 $11 22. Qd7 Rxc2 23. Qxc7 Rbxb2+ 1/2-1/2

[Event "XXIV San Miguel 2018"]
[Site "Trevias"]
[Date "2018.09.23"]
[Round "7"]
[White "Garcia Gonzalez, Fernando"]
[Black "Blazquez Lopez, Berna"]
[Result "1/2-1/2"]
[WhiteElo "2027"]
[BlackElo "2134"]
[Annotator "TA"]
[PlyCount "40"]
[EventDate "2018.09.17"]
[EventType "swiss"]
[EventCountry "ESP"]
[SourceTitle "playchess.com"]
[Source "ChessBase"]
[SourceQuality "1"]

{[%evp 21,32,17,37,24,27,0,14,0,0,0,0,0,0]} 1. d4 d5 2. c4 e6 3. Nf3 Nf6 4. Nc3 c5 5. cxd5 Nxd5 6. e4 Nxc3 7. bxc3 cxd4 8. cxd4 Bb4+ 9. Bd2 Bxd2+ 10. Qxd2 O-O 11. Bc4 Nd7 12. O-O {D41: Queen's Gambit Declined: Semi-Tarrasch with 5 cxd5} b6 13. d5 (13. Rad1 Bb7 14. Rfe1 Rc8 15. Bb3 Nf6 16. Qf4 Re8 17. h3 Nh5 18. Qe5 Nf6 19. Qf4 Nh5 20. Qg4 Nf6 21. Qf4 {½-½ (21) So,W (2780)-Wei,Y (2729) chess.com INT 2018}) 13... Nf6 {The position is equal.} 14. dxe6 Bxe6 15. Bxe6 Qxd2 16. Nxd2 {[#] aiming for Bb3.} fxe6 {Predecessor:} 17. f3 $146 Rfd8 18. Nb3 Rd7 19. Rfd1 Rad8 20. Rxd7 Rxd7 {½-½ (31) Huang,Q (2440)-Ding,Y (2419) China 2018} 1/2-1/2

[Event "XXIV San Miguel 2018"]
[Site "Trevias"]
[Date "2018.09.23"]
[Round "7"]
[White "Gonzalez Guedes, Iyan"]
[Black "Cuevas Fernandez, Jose Alberto"]
[Result "1-0"]
[WhiteElo "1927"]
[BlackElo "2173"]
[Annotator "TA"]
[PlyCount "35"]
[EventDate "2018.09.17"]
[EventType "swiss"]
[EventCountry "ESP"]
[SourceTitle "playchess.com"]
[Source "ChessBase"]
[SourceQuality "1"]

{[%evp 19,35,12,38,23,34,9,36,29,98,92,83,83,396,396,419,393,545,541]} 1. e4 g6 2. d4 Bg7 3. Nc3 c5 4. dxc5 Qa5 5. Nf3 Qxc5 6. Bd3 Nf6 7. Be3 {B27: Sicilian: 2 Nf3, unusual Black 2nd moves} (7. O-O d6 8. Be3 Qa5 9. Qd2 Nc6 10. Bh6 O-O 11. Bxg7 Kxg7 12. h3 Bd7 13. Rae1 Rac8 14. a3 Rfd8 15. Qe3 {0-1 (30) Bruchmann,S (2309)-Berebora,F (2427) Germany 2012}) 7... Qa5 8. O-O Nc6 9. h3 O-O 10. Qd2 d6 {LiveBook: 4 Games} 11. Rad1 Bd7 12. Nd4 $146 ({Predecessor:} 12. Nh2 Rac8 13. f4 Rfd8 14. g4 d5 {0-1 (40) Fernandez,E-Flores Alvarez,R Santiago de Chile 1961}) 12... Rac8 13. f4 Rfd8 (13... Nxd4 $11 14. Bxd4 b6) 14. Qf2 Nxd4 15. Bxd4 Qb4 $2 {[%mdl 8192] [#]} (15... Bc6 $16) 16. a3 $18 Qxb2 17. Nd5 Nxe4 18. Bxe4 {Precision: White = 54%, Black = 20%.} 1-0